| 000 | 01102nam a22003137a 4500 | ||
|---|---|---|---|
| 003 | OSt | ||
| 005 | 20220107122859.0 | ||
| 008 | 200317b xxu||||| |||| 00| 0 eng d | ||
| 020 | _a9783030307189 | ||
| 040 | _cIIITMK | ||
| 082 | _a005.82 JAJ/A | ||
| 100 |
_aJajodia, Sushil (Ed.) _917874 |
||
| 245 |
_aAdversarial and uncertain reasoning for adaptive cyber defense: _bControl and game theoretic approaches to cyber security _cSushil Jajodia |
||
| 260 |
_aSwitzerland, _bSpringer, _c2019. |
||
| 300 | _avi, 261p. | ||
| 440 |
_aSpringer Lecture notes in computer science _917875 |
||
| 500 | _aPurchased through Budget Head ISEA Project Phase 2; Coordinator Mr. Meraj Uddin Faculty IIITMK | ||
| 650 |
_aCOMPUTER SCIENCE _918165 |
||
| 650 |
_aCOMPUTER SECURITY _918166 |
||
| 650 |
_aCYBER SECURITY _918167 |
||
| 650 |
_aCYBER DEFENSE _918168 |
||
| 650 |
_aCONTROL AND GANE THEORY _918169 |
||
| 650 |
_aSECURITY AND CRYPTOLOGY _918170 |
||
| 700 |
_aCybenko, George _917876 |
||
| 700 |
_aLiu, Peng _917877 |
||
| 700 |
_aWang, Cliff _917878 |
||
| 700 |
_aWellman, Michael _917879 |
||
| 942 |
_2ddc _cBK |
||
| 999 |
_c6771 _d6771 |
||